Statistics for Top 10 Robert Downey Jr. Movies

Click here to take the quiz!

General Stats

  • This quiz has been taken 93 times
  • The average score is 3 of 10

Answer Stats

#YearAnswer% Correct
12008Iron Man
100%
22010Iron Man 2
83%
32009Sherlock Holmes
64%
52008Tropic Thunder
34%
72010Due Date
20%
62011Sherlock Holmes:A Game Of Shadows
13%
42008The Incredible Hulk
5%
81986Back To School
2%
91999Bowfinger
1%
102006The Shaggy Dog
1%

Score Distribution

Percentile by Number Answered

Percent of People with Each Score

Your Score History

You have not taken this quiz